000 002700000a22000970004500
100 1 _aPieters, Tracey
245 1 0 _a35 years of spearhead short term missions
300 _aVol.85, núm.1 (March-June, 2005), Páginas 6-7
773 0 _tLatin America Evangelist
942 _cANA
999 _c60521
_d60521